000 00593nam a2200205 a 4500
001 86619
003 BD-RjUL
005 20260701154241.0
008 260701s1933 enk||||| |||| 00| 0 eng d
035 _a(BD-RjUL)86619
040 _aBD-RjUL
_beng
_cBD-RjUL
041 _aeng
082 _a891.409
_bANG 1933
100 _aAnand, Mulk Raj
_918775
245 _aThe Golden Breath :
_bStudies in Five Poets of the New India /
_cMulk Raj Anand
260 _aLondon :
_bJohn Murray,
_c1933
300 _a136 p.;
_c17 cm.
650 _aIndic poetry
_xHistory and criticism
_918776
942 _2ddc
_cBK
999 _c86619
_d86619